00575nam a2200133Ia 4500008004100000020002200041041001200063100002100075245003600096260003200132440003800164650002100202650021800223231221s9999 xx 000 0 und d a978-3-540-73940-1 aEnglish aVictor Malyshkin 0aParallel Computing Technologies c2007bSpringer USaNew York aLecture Notes in Computer Science aComputer Science aSoftware Engineering/Programming and Operating Systems; Computer Systems Organization and Communication Networks; Computation by Abstract Devices; Algorithm Analysis and Problem Complexity; Simulation and Modeling